<?xml version="1.0" encoding="UTF-8"?>
<collection xmlns="http://www.loc.gov/MARC21/slim">
 <record>
  <leader>00605pamaa2200181   4500</leader>
  <controlfield tag="001">0000013684</controlfield>
  <controlfield tag="005">20121123090000.0</controlfield>
  <controlfield tag="008">121123s1993                             eng  </controlfield>
  <datafield tag="020" ind1="0" ind2="0">
   <subfield code="a">0671850148 </subfield>
  </datafield>
  <datafield tag="090" ind1="0" ind2="0">
   <subfield code="a">AG6 </subfield>
   <subfield code="b">NEW 1993</subfield>
  </datafield>
  <datafield tag="245" ind1="1" ind2="4">
   <subfield code="a">The New York Public Library desk reference.</subfield>
  </datafield>
  <datafield tag="250" ind1="0" ind2="0">
   <subfield code="a">2nd ed.</subfield>
  </datafield>
  <datafield tag="260" ind1="0" ind2="0">
   <subfield code="a">New York: </subfield>
   <subfield code="b">Prentice Hall General Reference, </subfield>
   <subfield code="c">1993.</subfield>
  </datafield>
  <datafield tag="300" ind1=" " ind2=" ">
   <subfield code="a">xii, 930 p.: </subfield>
   <subfield code="b">ill., maps (some col.); </subfield>
   <subfield code="c">25 cm.</subfield>
  </datafield>
  <datafield tag="500" ind1="0" ind2="0">
   <subfield code="a">&quot;A Stonesong Press book.&quot;</subfield>
  </datafield>
  <datafield tag="504" ind1="0" ind2="0">
   <subfield code="a">Includes bibliographical references and index</subfield>
  </datafield>
  <datafield tag="650" ind1="0" ind2="0">
   <subfield code="a">Encyclopedias and dictionaries. </subfield>
  </datafield>
  <datafield tag="745" ind1="1" ind2="1">
   <subfield code="a">New York Public Library</subfield>
  </datafield>
 </record>
</collection>
